| Tag |
First Indicator |
Second Indicator |
Subfields |
| LEADER |
00000uam a2200000 a 4500 |
| 001 |
in00004250737 |
| 005 |
20260130165103.2 |
| 006 |
m o d |
| 007 |
cr cn |
| 008 |
150313s2010 xx o eng |
| 020 |
|
|
|z 9780596806439
|
| 035 |
|
|
|a (CaSebORM)9781449380052
|
| 040 |
|
|
|d UtOrBLW
|
| 041 |
0 |
|
|a eng
|
| 100 |
1 |
|
|a Allan, Alasdair,
|e author.
|0 http://id.loc.gov/authorities/names/no2010126698
|
| 245 |
1 |
0 |
|a Learning iPhone Programming /
|c Allan, Alasdair.
|
| 250 |
|
|
|a 1st edition.
|
| 264 |
|
1 |
|b O'Reilly Media, Inc.,
|c 2010.
|
| 300 |
|
|
|a 1 online resource (374 pages)
|
| 336 |
|
|
|a text
|b txt
|2 rdacontent
|
| 337 |
|
|
|a computer
|b c
|2 rdamedia
|
| 338 |
|
|
|a online resource
|b cr
|2 rdacarrier
|
| 347 |
|
|
|a text file
|
| 520 |
|
|
|a Get the hands-on experience you need to program for the iPhone and iPod Touch. With this easy-to-follow guide, you'll build several sample applications by learning how to use Xcode tools, the Objective-C programming language, and the core frameworks. Before you know it, you'll not only have the skills to develop your own apps, you'll know how to sail through the process of submitting apps to the iTunes App Store. Whether you're a developer new to Mac programming or an experienced Mac developer ready to tackle the iPhone and iPod Touch, Learning iPhone Programming will give you a head start on building market-ready iPhone apps. Start using Xcode right away, and learn how to work with Interface Builder Take advantage of model-view-controller (MVC) architecture with Objective-C Build a data-entry interface, and learn how to parse and store the data you receive Solve typical problems while building a variety of challenging sample apps Understand the demands and details of App Store and ad hoc distribution Use iPhone's accelerometer, proximity sensor, GPS, digital compass, and camera Integrate your app with iPhone's preference pane, media playback, and more
|
| 533 |
|
|
|a Electronic reproduction.
|b Boston, MA :
|c Safari,
|n Available via World Wide Web.
|d 2010.
|
| 538 |
|
|
|a Mode of access: World Wide Web.
|
| 542 |
|
|
|f Copyright © O'Reilly Media, Inc.
|g 2010
|
| 588 |
|
|
|a Online resource; Title from title page (viewed March 9, 2010)
|
| 500 |
|
|
|a Electronic resource.
|
| 655 |
|
7 |
|a Electronic books.
|2 local
|
| 710 |
2 |
|
|a Safari, an O'Reilly Media Company.
|
| 856 |
4 |
0 |
|u https://proxy.library.tamu.edu/login?url=https://go.oreilly.com/TAMU/library/view/-/9781449380052/?ar
|z Connect to this electronic resource
|t 0
|
| 999 |
f |
f |
|s 81aff54f-144d-39df-9c5e-b03b63f27d6c
|i 49321064-c92d-3306-ba02-a2f816e201fe
|t 0
|
| 952 |
f |
f |
|a Texas A&M University
|b College Station
|c Electronic Resources
|s www_evans
|d Available Online
|t 0
|h No information provided
|
| 998 |
f |
f |
|t 0
|l Available Online
|